Role of injection wounds on bark rot disease incidence in Hevea brasiliensis (Record no. 67181)

MARC details
000 -LEADER
fixed length control field 00435nam a2200145Ia 4500
100 ## - MAIN ENTRY--AUTHOR NAME
Personal name Thankamma L
245 #0 - TITLE STATEMENT
Title Role of injection wounds on bark rot disease incidence in Hevea brasiliensis
260 ## - PUBLICATION, DISTRIBUTION, ETC. (IMPRINT)
Name of publisher Indian Journal of Natural Rubber Research
Year of publication 1988
300 ## - PHYSICAL DESCRIPTION
Number of Pages 48-50
650 ## - SUBJECT ADDED ENTRY--TOPICAL TERM
Topical Term Bark rot disease
650 ## - SUBJECT ADDED ENTRY--TOPICAL TERM
Topical Term Hevea brasiliensis
650 ## - SUBJECT ADDED ENTRY--TOPICAL TERM
Topical Term Injection wounds
942 ## - ADDED ENTRY ELEMENTS (KOHA)
Koha item type Journals
Holdings
Withdrawn status Lost status Damaged status Not for loan Home library Current library Date acquired Serial Enumeration / chronology Koha item type
      Journals RRII Library RRII Library 17/12/2021 Volume 1, Issue 1 Journals